The Perception of Significant Aspects of Personnel Risk in the Management of SMEs
Poukázanie na to, že riadeniu personálnych rizík sa venuje menej pozornosti ako iným manažérskym rizikám. Preto sa uskutočnil dotazníkový prieskum s cieľom prezentovať a kvantifikovať významné faktory personálnych rizík v MSP. Súčasťou cieľa bolo aj porovnať prístupy podnikateľov k týmto faktorom na...
Na minha lista:
| Autor principal: | |
|---|---|
| Outros Autores: | , , |
| Formato: | Capítulo de Livro |
| Idioma: | inglês |
| Assuntos: | |
| Tags: |
Sem tags, seja o primeiro a adicionar uma tag!
|
MARC
| LEADER | 00000naa a2200000 4500 | ||
|---|---|---|---|
| 001 | 0281962 | ||
| 005 | 20220218142547.7 | ||
| 041 | 0 | |a eng | |
| 044 | |a SK | ||
| 245 | 1 | 0 | |a The Perception of Significant Aspects of Personnel Risk in the Management of SMEs |c Jaroslav Belás, Katarína Zvaríková, Josef Maroušek, Zdenko Metzker |
| 520 | |a Poukázanie na to, že riadeniu personálnych rizík sa venuje menej pozornosti ako iným manažérskym rizikám. Preto sa uskutočnil dotazníkový prieskum s cieľom prezentovať a kvantifikovať významné faktory personálnych rizík v MSP. Súčasťou cieľa bolo aj porovnať prístupy podnikateľov k týmto faktorom na základe veľkosti firmy, vzdelania a veku podnikateľov. | ||
| 610 | 2 | 0 | |a riziko |
| 610 | 2 | 0 | |a podnik malý |
| 610 | 2 | 0 | |a podnik stredný |
| 610 | 2 | 0 | |a personál |
| 610 | 2 | 0 | |a fluktuácia |
| 610 | 2 | 0 | |a výkony pracovné |
| 610 | 2 | 0 | |a manažment personálny |
| 100 | 1 | |a Belás, Jaroslav | |
| 700 | 1 | |a Zvaríková, Katarína | |
| 700 | 1 | |a Maroušek, Josef | |
| 700 | 1 | |a Metzker, Zdenko | |